<?xml version="1.0" encoding="UTF-8"?>
<record
    xmlns:xsi="http://www.w3.org/2001/XMLSchema-instance"
    xsi:schemaLocation="http://www.loc.gov/MARC21/slim http://www.loc.gov/standards/marcxml/schema/MARC21slim.xsd"
    xmlns="http://www.loc.gov/MARC21/slim">

  <leader>02722nam a22002777a 4500</leader>
  <controlfield tag="003">NALT</controlfield>
  <controlfield tag="005">20250224152056.0</controlfield>
  <controlfield tag="008">220211b        th ||||| |||| 00| 0 tha d</controlfield>
  <datafield tag="020" ind1=" " ind2=" ">
    <subfield code="a">9786163449221</subfield>
  </datafield>
  <datafield tag="040" ind1=" " ind2=" ">
    <subfield code="a">NALT</subfield>
  </datafield>
  <datafield tag="041" ind1=" " ind2=" ">
    <subfield code="a">&#xE44;&#xE17;&#xE22;</subfield>
  </datafield>
  <datafield tag="050" ind1=" " ind2=" ">
    <subfield code="a">DS 586</subfield>
    <subfield code="b">&#xE1A;426&#xE01; 2560</subfield>
  </datafield>
  <datafield tag="100" ind1="0" ind2=" ">
    <subfield code="a">&#xE1A;&#xE38;&#xE0D;&#xE0A;&#xE31;&#xE22; &#xE43;&#xE08;&#xE40;&#xE22;&#xE47;&#xE19;.</subfield>
    <subfield code="9">11183</subfield>
  </datafield>
  <datafield tag="245" ind1="1" ind2="0">
    <subfield code="a">&#xE01;&#xE1A;&#xE0F;&#xE22;&#xE31;&#xE07;&#xE40;&#xE15;&#xE34;&#xE23;&#xE4C;&#xE01; 89 /</subfield>
    <subfield code="c">&#xE1A;&#xE38;&#xE0D;&#xE0A;&#xE31;&#xE22; &#xE43;&#xE08;&#xE40;&#xE22;&#xE47;&#xE19;.</subfield>
  </datafield>
  <datafield tag="260" ind1=" " ind2=" ">
    <subfield code="a">&#xE01;&#xE23;&#xE38;&#xE07;&#xE40;&#xE17;&#xE1E;&#xE2F; :</subfield>
    <subfield code="b">&#xE1B;&#xE23;&#xE32;&#xE0A;&#xE0D;&#xE4C;,</subfield>
    <subfield code="c">2560.</subfield>
  </datafield>
  <datafield tag="300" ind1=" " ind2=" ">
    <subfield code="a">208 &#xE2B;&#xE19;&#xE49;&#xE32; :</subfield>
    <subfield code="b">&#xE20;&#xE32;&#xE1E;&#xE1B;&#xE23;&#xE30;&#xE01;&#xE2D;&#xE1A; ;</subfield>
    <subfield code="c">21 &#xE0B;&#xE21;.</subfield>
  </datafield>
  <datafield tag="505" ind1="0" ind2=" ">
    <subfield code="a">&#xE01;&#xE48;&#xE2D;&#xE19;&#xE08;&#xE30;&#xE40;&#xE01;&#xE34;&#xE14;&#xE01;&#xE1A;&#xE0F;&#xE22;&#xE31;&#xE07;&#xE40;&#xE15;&#xE34;&#xE23;&#xE4C;&#xE01; -- &#xE25;&#xE49;&#xE21;&#xE23;&#xE31;&#xE10;&#xE1A;&#xE32;&#xE25;&#xE19;&#xE32;&#xE22;&#xE01;&#xE18;&#xE32;&#xE19;&#xE34;&#xE19;&#xE17;&#xE23;&#xE4C; -- &#xE40;&#xE01;&#xE34;&#xE14;&#xE01;&#xE1A;&#xE0F;&#xE22;&#xE31;&#xE07;&#xE40;&#xE15;&#xE34;&#xE23;&#xE4C;&#xE01; 2524 -- &#xE43;&#xE04;&#xE23;&#xE04;&#xE37;&#xE2D;&#xE2B;&#xE31;&#xE27;&#xE2B;&#xE19;&#xE49;&#xE32;&#xE22;&#xE31;&#xE07;&#xE40;&#xE15;&#xE34;&#xE23;&#xE4C;&#xE01; -- &#xE01;&#xE32;&#xE23;&#xE08;&#xE32;&#xE01;&#xE44;&#xE1B;&#xE02;&#xE2D;&#xE07;&#xE42;&#xE2D;&#xE25;&#xE14;&#xE4C;&#xE40;&#xE15;&#xE34;&#xE23;&#xE4C;&#xE01; -- &#xE1C;&#xE39;&#xE49;&#xE1B;&#xE0F;&#xE34;&#xE1A;&#xE31;&#xE15;&#xE34;&#xE15;&#xE32;&#xE21;&#xE41;&#xE1C;&#xE19;&#xE1B;&#xE0F;&#xE34;&#xE27;&#xE31;&#xE15;&#xE34; -- &#xE1C;&#xE39;&#xE49;&#xE19;&#xE33;&#xE22;&#xE31;&#xE07;&#xE40;&#xE15;&#xE34;&#xE23;&#xE4C;&#xE01;&#xE17;&#xE48;&#xE32;&#xE19;&#xE2B;&#xE19;&#xE36;&#xE48;&#xE07; -- &#xE40;&#xE2B;&#xE15;&#xE38;&#xE17;&#xE35;&#xE48;&#xE17;&#xE33;&#xE43;&#xE2B;&#xE49;&#xE21;&#xE35;&#xE0A;&#xE37;&#xE48;&#xE2D;&#xE40;&#xE2A;&#xE35;&#xE22;&#xE07; -- &#xE01;&#xE49;&#xE32;&#xE27;&#xE2A;&#xE39;&#xE48;&#xE1B;&#xE23;&#xE30;&#xE18;&#xE32;&#xE19;&#xE27;&#xE38;&#xE12;&#xE34;&#xE2A;&#xE20;&#xE32; -- &#xE04;&#xE33;&#xE23;&#xE49;&#xE2D;&#xE07;&#xE16;&#xE36;&#xE07;&#xE1E;&#xE25;.&#xE2D;.&#xE40;&#xE1B;&#xE23;&#xE21; -- &#xE22;&#xE31;&#xE07;&#xE40;&#xE15;&#xE34;&#xE23;&#xE4C;&#xE01;&#xE22;&#xE2D;&#xE14;&#xE19;&#xE31;&#xE01;&#xE2A;&#xE39;&#xE49; -- &#xE14;&#xE27;&#xE07;&#xE02;&#xE2D;&#xE07;&#xE1E;&#xE31;&#xE19;&#xE40;&#xE2D;&#xE01;&#xE1B;&#xE23;&#xE30;&#xE08;&#xE31;&#xE01;&#xE29;&#xE4C; -- &#xE17;&#xE33;&#xE44;&#xE21;&#xE1E;&#xE31;&#xE19;&#xE40;&#xE2D;&#xE01;&#xE1B;&#xE23;&#xE30;&#xE08;&#xE31;&#xE01;&#xE29;&#xE4C;&#xE16;&#xE36;&#xE07;&#xE22;&#xE34;&#xE07;&#xE15;&#xE31;&#xE27;&#xE15;&#xE32;&#xE22; -- &#xE1E;&#xE25;.&#xE2D;.&#xE40;&#xE1B;&#xE23;&#xE21; &#xE02;&#xE36;&#xE49;&#xE19;&#xE40;&#xE1B;&#xE47;&#xE19;&#xE19;&#xE32;&#xE22;&#xE01; -- &#xE1E;&#xE25;.&#xE2D;.&#xE40;&#xE1B;&#xE23;&#xE21; &#xE1B;&#xE23;&#xE32;&#xE1A;&#xE01;&#xE1A;&#xE0F; -- &#xE19;&#xE32;&#xE22;&#xE01;&#xE15;&#xE31;&#xE27;&#xE08;&#xE23;&#xE34;&#xE07;&#xE02;&#xE2D;&#xE07;&#xE2A;&#xE16;&#xE32;&#xE1A;&#xE31;&#xE19; -- &#xE2A;&#xE19;&#xE31;&#xE1A;&#xE2A;&#xE19;&#xE38;&#xE19;&#xE2A;&#xE16;&#xE32;&#xE1A;&#xE31;&#xE19;&#xE40;&#xE15;&#xE47;&#xE21;&#xE17;&#xE35;&#xE48; -- &#xE23;&#xE31;&#xE01;&#xE2A;&#xE38;&#xE23;&#xE22;&#xE38;&#xE17;&#xE18;&#xE41;&#xE15;&#xE48;&#xE44;&#xE21;&#xE48;&#xE23;&#xE31;&#xE01;&#xE22;&#xE31;&#xE07;&#xE40;&#xE15;&#xE34;&#xE23;&#xE4C;&#xE01;&#xE2B;&#xE23;&#xE37;&#xE2D; -- &#xE23;&#xE31;&#xE10;&#xE1A;&#xE38;&#xE23;&#xE38;&#xE29;&#xE01;&#xE31;&#xE1A;&#xE19;&#xE31;&#xE01;&#xE01;&#xE32;&#xE23;&#xE40;&#xE21;&#xE37;&#xE2D;&#xE07; -- &#xE2A;&#xE34;&#xE48;&#xE07;&#xE17;&#xE31;&#xE49;&#xE07;&#xE1B;&#xE27;&#xE07;&#xE44;&#xE21;&#xE48;&#xE04;&#xE27;&#xE23;&#xE22;&#xE36;&#xE14;&#xE21;&#xE31;&#xE48;&#xE19;&#xE16;&#xE37;&#xE2D;&#xE21;&#xE31;&#xE48;&#xE19; -- &#xE1C;&#xE39;&#xE49;&#xE21;&#xE32;&#xE01;&#xE1A;&#xE32;&#xE23;&#xE21;&#xE35;&#xE43;&#xE19;&#xE27;&#xE07;&#xE01;&#xE32;&#xE23;&#xE40;&#xE21;&#xE37;&#xE2D;&#xE07; -- &#xE17;&#xE2B;&#xE32;&#xE23;&#xE04;&#xE37;&#xE2D;&#xE1C;&#xE39;&#xE49;&#xE21;&#xE35;&#xE2D;&#xE33;&#xE19;&#xE32;&#xE08;&#xE17;&#xE35;&#xE48;&#xE41;&#xE17;&#xE49;&#xE08;&#xE23;&#xE34;&#xE07; -- &#xE17;&#xE2B;&#xE32;&#xE23;&#xE01;&#xE25;&#xE38;&#xE48;&#xE21;&#xE44;&#xE2B;&#xE19;&#xE04;&#xE38;&#xE21;&#xE2D;&#xE33;&#xE19;&#xE32;&#xE08;.</subfield>
  </datafield>
  <datafield tag="650" ind1=" " ind2="4">
    <subfield code="a">&#xE04;&#xE27;&#xE32;&#xE21;&#xE02;&#xE31;&#xE14;&#xE41;&#xE22;&#xE49;&#xE07;&#xE17;&#xE32;&#xE07;&#xE01;&#xE32;&#xE23;&#xE40;&#xE21;&#xE37;&#xE2D;&#xE07;</subfield>
    <subfield code="z">&#xE44;&#xE17;&#xE22;</subfield>
    <subfield code="9">10711</subfield>
  </datafield>
  <datafield tag="650" ind1=" " ind2="4">
    <subfield code="a">&#xE17;&#xE2B;&#xE32;&#xE23; </subfield>
    <subfield code="x">&#xE01;&#xE34;&#xE08;&#xE01;&#xE23;&#xE23;&#xE21;&#xE17;&#xE32;&#xE07;&#xE01;&#xE32;&#xE23;&#xE40;&#xE21;&#xE37;&#xE2D;&#xE07;</subfield>
    <subfield code="9">18368</subfield>
  </datafield>
  <datafield tag="650" ind1=" " ind2="4">
    <subfield code="a">&#xE01;&#xE1A;&#xE0F;</subfield>
    <subfield code="z">&#xE44;&#xE17;&#xE22;</subfield>
    <subfield code="9">23180</subfield>
  </datafield>
  <datafield tag="651" ind1=" " ind2="4">
    <subfield code="a">&#xE44;&#xE17;&#xE22;</subfield>
    <subfield code="x">&#xE01;&#xE32;&#xE23;&#xE40;&#xE21;&#xE37;&#xE2D;&#xE07;&#xE41;&#xE25;&#xE30;&#xE01;&#xE32;&#xE23;&#xE1B;&#xE01;&#xE04;&#xE23;&#xE2D;&#xE07;</subfield>
    <subfield code="9">76</subfield>
  </datafield>
  <datafield tag="850" ind1=" " ind2=" ">
    <subfield code="a">NALT</subfield>
  </datafield>
  <datafield tag="942" ind1=" " ind2=" ">
    <subfield code="2">lcc</subfield>
    <subfield code="c">GB</subfield>
  </datafield>
  <datafield tag="996" ind1=" " ind2=" ">
    <subfield code="a">phornvitoo</subfield>
    <subfield code="b">CATSTF	</subfield>
    <subfield code="c">2023-04-25</subfield>
  </datafield>
  <datafield tag="999" ind1=" " ind2=" ">
    <subfield code="c">99551</subfield>
    <subfield code="d">99551</subfield>
  </datafield>
  <datafield tag="998" ind1=" " ind2=" ">
    <subfield code="j">1020</subfield>
    <subfield code="k"> &#xE19;&#xE32;&#xE07;&#xE08;&#xE33;&#xE40;&#xE23;&#xE35;&#xE22;&#xE07;  &#xE23;&#xE30;&#xE27;&#xE31;&#xE07;&#xE2A;&#xE33;&#xE42;&#xE23;&#xE07;</subfield>
  </datafield>
  <datafield tag="952" ind1=" " ind2=" ">
    <subfield code="0">0</subfield>
    <subfield code="1">0</subfield>
    <subfield code="2">lcc</subfield>
    <subfield code="4">0</subfield>
    <subfield code="7">0</subfield>
    <subfield code="8">CSEN</subfield>
    <subfield code="a">NALT</subfield>
    <subfield code="b">NALT</subfield>
    <subfield code="c">GEN</subfield>
    <subfield code="d">2023-04-25</subfield>
    <subfield code="o">DS 571 &#xE1A;426&#xE01; 2560</subfield>
    <subfield code="p">0100009004001</subfield>
    <subfield code="r">2023-04-28 00:00:00</subfield>
    <subfield code="w">2023-04-25</subfield>
    <subfield code="y">GB</subfield>
  </datafield>
</record>
